[Event "58. BEM 2004"]
[Site "Dortmund"]
[Date "2004.03.19"]
[Round "9.1"]
[White "Ziperstein, Jakob"]
[Black "Eismont, Igor"]
[Result "0-1"]
[WhiteElo "1831"]
[BlackElo "2230"]
[Annotator "Fritz 7 (15s)"]
[PlyCount "84"]
[EventDate "2004.??.??"]
[Source "SG Dortmund"]
[SourceDate "2004.12.16"]

{B17: Caro-Kann: Modern Line (4...Nd7)
} 1. e4 c6 2. d4 d5 3. Nc3 dxe4 4. Nxe4
Nd7 5. Nf3 Ngf6 6. Ng3 e6 7. Bd3 Be7 8. O-O O-O 9. Re1 c5 10. c3 b6 11. Qe2 (
11. dxc5 Nxc5 12. Bc2 Qc7 13. Ne5 Ba6 14. c4 Rad8 15. Qe2 Ncd7 16. Nxd7 Rxd7
17. b3 Bb4 18. Ne4 Nd5 19. Rd1 Rfd8 20. Bb2 Nf4 21. Qg4 Ng6 22. Rxd7 Rxd7 23.
Qh5 Be7 24. Ng5 Bxg5 25. Qxg5 b5 {
Bylino,O-Moreda,L/Nova Gorica 2001/CBM 80 ext/1/2-1/2 (41)}) 11... Bb7 (11...
Qc7 12. Bg5 Bb7 13. Rad1 Rfe8 14. Ne5 cxd4 15. cxd4 Bb4 16. Rc1 Qd6 17. Nxd7
Nxd7 18. Red1 h6 19. Be3 Nf6 20. a3 Qd5 21. f3 Bf8 22. Rc7 Re7 23. Be4 Nxe4 24.
fxe4 Qd8 25. Rc3 Rc8 26. Rxc8 {
Cuijpers,F-Gelpke,P/Hilversum 1985/EXT 2002/0-1 (40)}) 12. Ng5 Qc7 13. Nh3 $146
(13. Nh5 Qc6 14. f4 cxd4 15. cxd4 g6 16. Ng3 Nd5 17. Bb5 Qd6 18. N3e4 Qc7 19.
Qg4 N7f6 20. Qh3 h5 21. Bd3 Nxe4 22. Bxe4 Bf6 23. Kh1 Rae8 24. Qd3 Bxg5 25.
fxg5 Nb4 26. Qc3 Qxc3 27. bxc3 Bxe4 {
Berg,E-Keller,T/Lyngby 1996/EXT 99/1/2-1/2 (80)}) 13... Bd6 14. Kh1 Rfe8 15.
Bg5 h6 16. Bxf6 Nxf6 17. Ne4 Nxe4 ({Schlechter ist} 17... Bxh2 18. Nxf6+ gxf6
19. Qg4+ Kf8 20. Qh4 $16) 18. Bxe4 cxd4 19. cxd4 Rac8 20. Bxb7 Qxb7 21. Rac1
Qd5 22. Rcd1 Qxa2 23. Ra1 Qb3 24. Rxa7 Rc2 25. Qe4 Rec8 26. Ra8 (26. Rd7 $142
$5 Qb4 27. b3 $17) 26... Rxa8 $19 27. Qxa8+ Bf8 28. g3 Qxb2 29. Kg2 b5 (29...
Qxd4 {und Schwarz haette es noch leichter} 30. Qf3 $19) 30. Re4 g5 (30... Rc1
31. Qe8 Qb3 32. Nf4 $19) 31. Qd8 $2 (31. d5 $142 exd5 32. Re8 $19) 31... Qc3
32. Rg4 (32. Ng1 $19) 32... Qc6+ 33. d5 Qxd5+ 34. Qxd5 exd5 35. Kf1 (35. Rd4 {
lenkt vielleicht noch ab} 35... b4 36. Rxd5 $19) 35... Bc5 36. Nxg5 hxg5 37.
Rxg5+ Kf8 38. Rxd5 Bxf2 (38... b4 {laesst dem Gegner kaum Chancen} 39. Rd3
Rxf2+ 40. Ke1 Rxh2 41. Kd1 $19) 39. Rf5 (39. Rxb5 Ba7 $19) 39... Bd4 (39... b4
$142 {damit wuerde Schwarz es sich noch erleichtern} 40. Rb5 Rb2 41. Kg2 $19)
40. Ke1 (40. Rxb5 {ist vielleicht ein Schwindelversuch} 40... Rf2+ 41. Ke1 Rxh2
42. Rd5 Bc3+ 43. Kf1 $19) 40... b4 41. Rh5 (41. Kd1 {
wuerde die Partie unwesentlich verlaengern} 41... Rxh2 42. Rf4 $19) 41... b3
42. Rd5 (42. Kd1 {hilft allerdings auch nicht} 42... Rf2 43. Rb5 b2 $19) 42...
Rg2 (42... Rg2 43. Rxd4 b2 $19 (43... Rxh2 $6 44. Rb4 b2 45. Kd1 $19)) (42...
b2 $142 {machte sofort alles klar} 43. Rb5 Rxh2 44. Rb8+ Ke7 $19) 0-1

[Event "58. BEM 2004"]
[Site "Dortmund"]
[Date "2004.03.19"]
[Round "9.2"]
[White "Gorval, Evgueni"]
[Black "Goldschmidt, Christian"]
[Result "1-0"]
[WhiteElo "2089"]
[BlackElo "2109"]
[Annotator "Fritz 7 (15s)"]
[PlyCount "53"]
[EventDate "2004.??.??"]
[Source "SG Dortmund"]
[SourceDate "2004.12.16"]

{C58: Two Knights: 4 Ng5 d5 5 exd5 Na5 sidelines
} 1. e4 e5 2. Nf3 Nc6 3. Bc4
Nf6 4. Ng5 d5 5. exd5 Na5 6. Bb5+ c6 7. dxc6 bxc6 8. Qf3 h6 9. Ne4 Nd5 (9...
Bd7 10. Bd3 Be7 11. Nbc3 O-O 12. b3 Nb7 13. Nxf6+ Bxf6 14. Ba3 Re8 15. O-O Be7
16. Bxe7 Qxe7 17. Rfe1 Qg5 18. Qe3 Qe7 19. f4 Nc5 20. fxe5 Rad8 21. b4 Nxd3 22.
cxd3 Qxb4 23. Qxa7 Bf5 24. Qa4 Qc5+ 25. Kh1 Rxd3 26. Qf4 Bg6 27. Rac1 Qb6 28.
Re3 Rxd2 29. h4 Qb2 30. Rf1 Rxg2 31. Rh3 h5 32. Ne4 Qxa2 {
0-1 Busch,C-Rosenblatt,M/Oberhof 1999/EXT 2000 (32)}) 10. Nec3 $146 (10. Nbc3
cxb5 11. Nxd5 Be6 (11... Bb7 12. Ne3 Qd7 13. O-O Nc6 14. d3 O-O-O 15. c3 g6 16.
a4 b4 17. Nf6 Qe6 18. Nfd5 f5 19. c4 Nd4 20. Qh3 g5 21. Re1 Rg8 22. Qh5 g4 23.
Nf1 Nc2 24. Bf4 Nxa1 25. Rxe5 Qg6 26. Re7 {
Van der Wiel,J-Spassky,B/Reggio Emilia 1986/CBM 04/0-1 (38)}) 12. Ne3 Rc8 13.
O-O Qd7 14. Ng3 h5 15. c3 Nc6 16. Rd1 h4 17. d4 hxg3 18. d5 gxf2+ 19. Kh1 e4
20. dxe6 Qxe6 21. Qxf2 Ne5 22. Qf5 Qxf5 23. Nxf5 Ng4 24. Re1 Rxh2+ 25. Kg1 Bc5+
26. Be3 Nxe3 27. Rxe3 Rh7 28. Nd4 f5 29. Rf1 g6 30. g3 Rd7 31. g4 Rxd4 {
0-1 Gikas,B-Balashov,Y/Lugano 1988/EXT 97 (31)}) (10. Ba4 Be7 11. O-O O-O 12.
Re1 f5 13. Ng3 e4 14. Qd1 Ba6 15. c3 Bd3 16. b4 Nc4 17. Bxc6 Rc8 18. Ba4 a5 19.
a3 Bd6 20. Bb3 Bb8 21. b5 Ba7 22. Nh1 Kh8 23. a4 Nf4 24. Bxc4 Rxc4 25. Na3 Rc8
26. Nc2 Qg5 27. Ng3 Bxc2 28. Qxc2 Bxf2+ 29. Kxf2 Nd3+ 30. Kg1 Nxe1 31. Qd1 Nd3
32. Ba3 Rfe8 33. Nf1 f4 34. Rb1 Qg6 35. b6 Rb8 36. Qb3 e3 37. dxe3 fxe3 38. Qd5
e2 39. Bd6 Rxb6 {0-1 Stenzel,H-Brooks,M/Chicago 1994/EXT 97 (39)}) 10... Be6
11. Ba4 Qd7 12. a3 {Sichert b4} 12... Nb6 13. b4 Nxa4 14. Nxa4 Nb7 15. Qg3 Bd6
16. d3 O-O-O 17. Be3 Bb8 18. Bb6 e4 19. Qe3 exd3 20. Bxa7 Bxa7 21. Qxa7 dxc2
22. O-O Qd3 $4 {vergibt den Vorteil} (22... Qd4 $142 {ist noch spielbar} 23.
Nb6+ Kc7 24. Na8+ Kc8 25. Nb6+ Kc7 26. Na8+ Kc8 27. Nb6+ $11) 23. Nbc3 $16 Bc4
24. Rfe1 Bb3 (24... Rhe8 25. Nc5 Rxe1+ 26. Rxe1 Nxc5 27. bxc5 Be6 $11) 25. Nb6+
Kc7 26. Re7+ Kd6 27. Qxb7 (27. Qxb7 c1=Q+ 28. Rxc1 Qf1+ 29. Rxf1 Rhe8 30. Ne4#)
(27. Rxb7 $6 Qxc3 28. Rc1 Ke6 $15) 1-0

[Event "58. BEM 2004"]
[Site "Dortmund"]
[Date "2004.03.19"]
[Round "9.3"]
[White "Schiefelbusch, Dirk"]
[Black "Kartsev, Soel"]
[Result "0-1"]
[WhiteElo "2103"]
[BlackElo "2172"]
[Annotator "Fritz 7 (15s)"]
[PlyCount "112"]
[EventDate "2004.??.??"]
[Source "SG Dortmund"]
[SourceDate "2004.12.16"]

{D02: 1 d4 d5 2 Nf3 sidelines, including 2...Nf6 3 g3 and 2...Nf6 3 Bf4
} 1. d4
d5 2. Nf3 e6 3. Bf4 Bd6 4. Bxd6 Qxd6 5. a3 (5. c3 Nf6 6. e3 Nbd7 7. Be2 O-O 8.
O-O e5 9. dxe5 Nxe5 10. Nxe5 Qxe5 11. Qd4 Re8 12. Qxe5 Rxe5 {
1/2-1/2 Richtrova,E-Heintze,M/Wuppertal 1990/EXT 97 (12)}) 5... Nd7 $146 (5...
f5 6. e3 Nd7 7. Nbd2 c6 8. c4 a5 9. c5 Qe7 10. Be2 Ngf6 11. b4 Ne4 12. Nxe4
fxe4 13. Nd2 O-O 14. O-O e5 15. Qb3 exd4 16. exd4 a4 17. Qe3 Nf6 18. f3 Bf5 19.
g4 Bg6 20. f4 {Olup,M-Janzekovic,A/SLO 1997/EXT 2000/0-1 (43)}) (5... Nf6 6. e3
O-O 7. c4 Nc6 8. Nc3 a6 9. Be2 Rd8 10. O-O h6 11. Rc1 Bd7 12. Qb3 Na5 13. Qa2
dxc4 14. Bxc4 Nxc4 15. Qxc4 Bc6 16. Ne5 Be8 17. Nd3 Qc6 18. Qxc6 Bxc6 19. f3
Nd5 20. Nxd5 {Glienke,J-Hernandez,J/Willemstad 2001/EXT 2002/1-0 (49)}) (5...
c5 6. dxc5 Qxc5 7. b4 Qe7 8. e3 Nf6 9. c4 O-O 10. Nc3 dxc4 11. Bxc4 Bd7 12. O-O
Bc6 13. Ne5 Rd8 14. Qe2 Bd5 15. Rfd1 Nc6 16. Nxc6 Bxc6 17. e4 a6 18. Qe3 Rxd1+
19. Rxd1 Rd8 20. Rxd8+ {Blazsik,Z-Munkacsy,I/HUN 1994/TD/0-1 (35)}) (5... b6 6.
e3 Ne7 7. Bd3 Ba6 8. Nc3 Bxd3 9. Qxd3 Nd7 10. O-O O-O 11. Rfe1 f5 12. Ne2 c6
13. c4 Kh8 14. Rac1 Rg8 15. Ng5 Raf8 16. f4 h6 17. Nf3 g5 18. c5 Qb8 {
1/2-1/2 Probstfeld,B-Becker,W/Polch 1993/EXT 2000 (18)}) 6. e3 Ngf6 7. c4 c6 8.
Nc3 O-O 9. cxd5 exd5 10. Bd3 Re8 11. Qc2 a5 12. O-O Nf8 13. Rab1 Bg4 14. Ne5
Bh5 15. b4 axb4 16. axb4 Bg6 17. Nxg6 hxg6 18. b5 Ng4 19. g3 Nh7 20. bxc6 bxc6
21. Be2 Qe6 22. Bf3 Ng5 23. Bg2 Ra3 24. Rbc1 Qf6 $2 (24... Nf6 25. Ne2 $14) 25.
Qe2 (25. Nb1 $5 Ra5 26. h3 $18) 25... Qe6 26. Rc2 Rb8 27. Rfc1 Rab3 (27... Nf6
$5 $14 {ist zu pruefen}) 28. h4 $16 Nh7 29. Na4 Rb1 30. Nc5 Qf5 31. Nd3 Nhf6
32. f3 Nh6 33. Rxc6 (33. g4 $5 Qe6 34. g5 $18) 33... Qd7 $16 34. Rxb1 (34. Qe1
$1 $16) 34... Rxb1+ $11 35. Rc1 Qb7 (35... Rxc1+ $5 {ist zu erwaegen} 36. Nxc1
Qc7 $11) 36. Qc2 Rxc1+ 37. Qxc1 Nf5 38. Kf2 Qb3 39. Qd2 Nd6 40. Nc5 {
Laesst den Springer von der Leine} 40... Qb5 41. f4 $4 {
danach wendet sich das Blatt} (41. e4 Nc4 42. Qe2 dxe4 43. Nxe4 Qb4 $16) 41...
Nc4 $4 {vergibt den Vorteil} (41... Ng4+ $5 42. Kg1 Qb1+ 43. Bf1 $19) 42. Qc2
$4 {wirft den Vorteil weg} (42. Qe2 $142 $16) 42... Ng4+ $19 43. Kg1 (43. Kf3
Ngxe3 44. Qc1 $19) 43... Ngxe3 (43... Ncxe3 $142 {nun kommt Schwarz in Vorteil}
44. Qa2 Qb4 $19) 44. Qc1 $17 Qb4 45. Nd3 Qb3 46. Ne5 Nf5 47. Qe1 Qb2 48. Nxc4 (
48. Nf3 $5 Ncd6 49. Qd2 $17) 48... Qxd4+ 49. Kh2 $2 (49. Ne3 $142 Nxe3 50. Bf3
$19) 49... dxc4 (49... Qxc4 $6 50. h5 d4 51. hxg6 fxg6 52. Qe4 $19) 50. Qe8+
Kh7 51. Qxf7 Qc3 52. h5 Qxg3+ 53. Kg1 (53. Kh1 {
haette noch versucht werden koennen} 53... Kh6 54. Qxc4 Qxg2+ 55. Kxg2 Ne3+ 56.
Kf3 Nxc4 57. hxg6 Kxg6 58. Ke4 $19) 53... Qe3+ 54. Kh1 Qc1+ 55. Kh2 Qxf4+ 56.
Kg1 Qd4+ (56... Qd4+ 57. Kh2 Nh4 $19) 0-1

[Event "58. BEM 2004"]
[Site "Dortmund"]
[Date "2004.03.19"]
[Round "9.4"]
[White "Litwak, Aleksej"]
[Black "Borjini, Mohamed"]
[Result "1-0"]
[WhiteElo "2067"]
[BlackElo "1918"]
[Annotator "Fritz 7 (15s)"]
[PlyCount "139"]
[EventDate "2004.??.??"]
[Source "SG Dortmund"]
[SourceDate "2004.12.16"]

{B52: Sicilian: Moscow Variation with 3...Bd7
} 1. e4 c5 2. Nf3 d6 3. Bb5+ Bd7
4. Bxd7+ Qxd7 5. c4 Nf6 6. Nc3 g6 7. d4 cxd4 8. Nxd4 Bg7 9. O-O O-O 10. f3 Nc6
11. Be3 Rac8 12. b3 Rfd8 13. Rc1 e6 14. Nxc6 $146 (14. Qd2 d5 (14... a6 15.
Rfd1 Qe7 16. Qf2 Nd7 17. Nde2 {
1/2-1/2 Kalesis,N-Vouldis,A/Ano Liosia 1997/EXT 98 (17)}) (14... b6 15. Nxc6
Rxc6 16. Rfd1 Qb7 17. Bg5 Rd7 18. Qf4 Ne8 19. Qh4 a6 20. a4 Rdc7 21. Nd5 exd5
22. exd5 Rc5 23. b4 h6 24. Bd8 Rc8 25. bxc5 g5 26. c6 Qa7 27. Bxg5 hxg5 28.
Qxg5 b5+ 29. Kh1 {Andrade,M-Andrade,L/Guarapuava 1995/Juniors/0-1 (45)}) 15.
cxd5 exd5 16. Nxc6 Rxc6 (16... bxc6 17. exd5 Nxd5 18. Nxd5 cxd5 19. Bd4 Qb7 20.
Bxg7 Kxg7 21. Qd4+ f6 22. Rfd1 Rxc1 23. Rxc1 Rd7 24. Rc5 Qb6 25. b4 Qe6 26. Kf2
Re7 27. Qd2 d4 28. a4 d3 29. a5 Qd6 30. Kf1 Qxh2 31. Rc1 Re2 32. Rc7+ Kg8 {
0-1 Caruso,D-Barberi,A/Corsico 1996/EXT 98 (32)}) 17. Nxd5 Nxd5 18. Qxd5 Qxd5
19. exd5 Rxd5 20. Rxc6 bxc6 21. Rc1 Bd4 22. Kf2 Bxe3+ 23. Kxe3 Re5+ 24. Kd3
Rd5+ 25. Kc3 h5 26. Kb2 Rd6 27. Rc4 Rd2+ 28. Rc2 Rd6 {
Luetke,J-Stratmann,B/Germany 1990/EXT 97-B/1/2-1/2 (52)}) (14. Kh1 d5 15. exd5
exd5 16. c5 Ne8 17. Ncb5 a6 18. Nc3 Nc7 19. Na4 Qe7 20. Re1 Ne6 21. Nb6 Rb8 22.
Nxc6 bxc6 23. b4 Qh4 24. Bd2 Re8 25. Qe2 Nc7 26. Qd3 Qf2 27. a4 Bh6 28. Red1
Re2 {Kasparov,G-Zelkind,C/ISR 1994/EXT 97/1-0 (43)}) 14... bxc6 15. Qd2 d5 16.
e5 Ne8 17. cxd5 (17. Bg5 $5 {ist zu beachten} 17... dxc4 18. Qe2 Qd4+ 19. Kh1
Qxe5 20. Bxd8 Qxe2 21. Nxe2 Rxd8 22. Rxc4 $14) 17... Bxe5 $15 18. d6 Nxd6 19.
Qf2 Ra8 20. Rfd1 Qc7 21. g3 {Befestigt f4} 21... Nf5 22. Ne4 Nxe3 23. Qxe3
Rxd1+ 24. Rxd1 Rd8 25. Rxd8+ Qxd8 26. Kg2 Qd4 27. Qxd4 Bxd4 28. Kf1 h6 29. Ke2
f5 30. Nd6 Kf8 31. a4 Ke7 32. Nc4 e5 33. Kd3 Ke6 34. f4 Kd5 35. fxe5 Bxe5 36.
b4 Bd4 37. Nd2 g5 38. h3 Bf2 39. g4 f4 40. Ne4 Bd4 41. Nd2 Be5 42. Nf3 Bd6 43.
b5 cxb5 44. axb5 Kc5 45. Nd4 Be5 (45... Kb4 46. Nc6+ Kxb5 47. Nd4+ Kc5 48. Nb3+
Kd5 $19) 46. Nc6 $17 Bc7 47. Nxa7 Kb6 (47... Be5 $5 $17) 48. Nc6 $11 Kxb5 49.
Nd4+ Kc5 50. Nf5 Kd5 51. Nxh6 Bd8 52. Nf5 Bf6 53. Ke2 Ke4 {
Aktiver Koenig im Endspiel} 54. Nd6+ Kd5 55. Nb7 Be7 56. Kf3 Kc4 {
Der schwarze Koenig wird gefaehrlich} 57. Na5+ Kd3 58. Nc6 Bf6 59. Nb4+ Kc4 60.
Nc2 Kb3 61. Ne1 Kc3 62. Ng2 Kd2 $2 (62... Be5 $142 $14 {
und Schwarz kann noch kaempfen}) 63. Nxf4 $18 gxf4 64. Kxf4 Ke2 65. g5 Ba1 (
65... Bd4 {verlaengert das Leiden} 66. h4 Be3+ 67. Kg4 Kd3 $18) 66. h4 Kd3 (
66... Bg7 67. h5 $18) 67. h5 Kd4 68. g6 Kd5 69. Kg5 Ke6 70. Kh6 (70. Kh6 Bc3
71. Kh7 $18) 1-0

[Event "58. BEM 2004"]
[Site "Dortmund"]
[Date "2004.03.19"]
[Round "9.5"]
[White "Raskin, Vitali"]
[Black "Zimmermann, Dirk"]
[Result "1/2-1/2"]
[WhiteElo "1668"]
[BlackElo "2025"]
[Annotator "Fritz 7 (15s)"]
[PlyCount "35"]
[EventDate "2004.??.??"]
[Source "SG Dortmund"]
[SourceDate "2004.12.16"]

{A28: English Opening: Four Knights Variation
} 1. c4 e5 2. Nc3 Nc6 3. Nf3 Nf6
4. e4 Bc5 5. h3 d6 6. d3 h6 7. Be2 (7. Na4 Bb4+ 8. Nd2 O-O 9. a3 Bxd2+ 10. Bxd2
Nd4 11. Nc3 Be6 12. Be3 c6 13. Bxd4 exd4 14. Ne2 Qb6 15. b3 d5 16. e5 Nd7 17.
f4 f6 18. Rc1 Rae8 19. c5 Qd8 20. exf6 Qxf6 21. g3 Qe7 {
De Visser,D-Schuil,J/Haarlem 2001/EXT 2002/0-1 (42)}) 7... Be6 8. O-O (8. a3
Nd4 9. Nxd4 Bxd4 10. Be3 Bxe3 11. fxe3 c6 12. d4 O-O 13. O-O Nh7 14. Kh2 Ng5
15. d5 Bd7 16. Bg4 Bxg4 17. Qxg4 Qf6 18. h4 Nh7 19. Ne2 g6 20. Ng3 Kh8 21. Rf3
Qd8 22. Raf1 h5 23. Nxh5 gxh5 24. Qxh5 f6 25. g4 Qe7 26. g5 fxg5 27. Rf7 {
1-0 Ruckschloss,K-Dobrovolsky,L/Frenstat 1982/MCD (27)}) 8... Qd7 $146 (8...
O-O 9. Kh2 Qd7 10. Bd2 a6 11. a3 Rab8 12. b4 Ba7 13. b5 Nd4 14. Rb1 axb5 15.
Nxb5 Nxf3+ 16. Bxf3 Bc5 17. Rb3 c6 18. Nc3 b5 19. Qb1 Ra8 20. Bc1 bxc4 21. Rb7
Qd8 22. Be3 Bxa3 23. Rd1 {
Koster,H-Scheffner,A/Hohenlimburg 1978/EXT 98/0-1 (47)}) 9. Be3 Nd4 10. a3 {
Verwehrt dem Gegner b4} 10... Bb6 11. Nd5 Bxd5 12. cxd5 c5 13. dxc6 bxc6 14.
Nxd4 Bxd4 15. Bxd4 exd4 16. Qa4 c5 17. Qxd7+ Nxd7 18. f4 1/2-1/2

[Event "58. BEM 2004"]
[Site "Dortmund"]
[Date "2004.03.19"]
[Round "9.6"]
[White "Naundorf, Maik"]
[Black "Thormann, Olaf"]
[Result "1-0"]
[WhiteElo "2015"]
[BlackElo "1900"]
[Annotator "Fritz 7 (15s)"]
[PlyCount "71"]
[EventDate "2004.??.??"]
[Source "SG Dortmund"]
[SourceDate "2004.12.16"]

{A30: Symmetrical English: Double Fianchetto and Hedgehog
} 1. Nf3 c5 2. c4 Nc6
3. d4 Nxd4 4. Nxd4 cxd4 5. Qxd4 e6 6. Nc3 Qf6 $146 (6... Nf6 7. Bf4 Be7 8.
O-O-O O-O 9. Nb5 d5 10. Nc7 Bd6 11. Nxa8 b6 12. Bxd6 Qxd6 13. Kb1 Bb7 14. cxd5
Bxd5 15. Ka1 Rxa8 16. e4 Nxe4 17. Qxe4 Qc5 18. Qd4 Qa5 19. Bc4 Rd8 20. Rc1 b5
21. Bxd5 exd5 22. Rhd1 b4 23. Qxd5 {1-0 Schmidt,A-Pavlic,F/Klinge 1993/GER (23)
}) 7. Qxf6 Nxf6 8. g3 a6 {Verhindert das Eindringen auf b5} 9. Bg2 Bb4 10. Bd2
Rb8 11. a3 Bxc3 12. Bxc3 ({Schwaecher ist} 12. bxc3 d6 $11) 12... b5 13. Be5
Bb7 14. Bxb8 Bxg2 15. Rg1 Bc6 16. cxb5 Bxb5 17. Bd6 Ne4 18. Bb4 h5 (18... d5
19. f3 Nf6 20. Bc3 $18) 19. Rc1 Bc6 20. f3 Ng5 21. h4 Nh7 22. Kf2 f6 23. Rc5
Kf7 24. Rgc1 g6 25. Bd2 Rb8 26. b4 e5 27. Rxc6 dxc6 28. Rxc6 Ra8 29. Rc7+ Kg8
30. Bh6 g5 31. hxg5 fxg5 (31... Nxg5 {hilft auch nicht mehr} 32. Bxg5 fxg5 33.
Re7 $18) 32. Rg7+ Kh8 33. Rg6 e4 34. Bxg5 Rf8 (34... Rg8 {
bietet noch letzte Rettungschancen} 35. Bf6+ Nxf6 36. Rxf6 Ra8 $18) 35. Bf4 (
35. Bc1 $5 {gibt noch groesseren Vorteil} 35... Nf6 36. Bb2 exf3 37. Rxf6 Rxf6
38. Bxf6+ Kg8 39. exf3 Kf7 $18) 35... Re8 36. Rxa6 (36. Rxa6 Nf8 37. a4 $18)
1-0

[Event "58. BEM 2004"]
[Site "Dortmund"]
[Date "2004.03.19"]
[Round "9.7"]
[White "Kalikhman, Grigorij"]
[Black "Morgenroth, Hubertus"]
[Result "1-0"]
[WhiteElo "1975"]
[BlackElo "1654"]
[Annotator "Fritz 7 (15s)"]
[PlyCount "53"]
[EventDate "2004.??.??"]
[Source "SG Dortmund"]
[SourceDate "2004.12.16"]

{C36: King's Gambit Accepted: 3 Nf3 d5
} 1. e4 e5 2. f4 exf4 3. Nf3 d5 4. exd5
Bd6 5. d4 Nf6 6. c4 b6 (6... O-O 7. Be2 Re8 8. O-O Bg4 9. Bd3 c5 10. b4 b6 11.
Nc3 cxd4 12. Nb5 Bxb4 13. Bxf4 Na6 14. Qa4 Ne4 15. Bxe4 Rxe4 16. Bg3 Ba5 17.
Nfxd4 Nc5 18. Qc2 Qd7 19. Nb3 Bb4 20. Nc1 Bf5 21. Nd6 Bg6 22. a3 Re3 23. Nf5
Bc3 24. Ra2 Rae8 25. Qf2 Bxf5 26. Qxf5 Qxf5 27. Rxf5 Rxg3 28. hxg3 Re1+ 29. Kh2
Rxc1 30. Re2 Kf8 31. d6 Bf6 32. Rxc5 bxc5 33. d7 g6 34. Re8+ Kg7 35. d8=Q Bxd8
36. Rxd8 Rxc4 37. Rc8 h5 38. a4 a5 39. Rc6 Rxa4 40. Rxc5 Ra1 41. Rb5 {
Fedorov,A-Yurtaev,L/Elista 1998/CBM 66 ext/0-1 (58)}) (6... Bb4+ 7. Nc3 O-O 8.
Be2 Ne4 9. Bd2 Bxc3 10. bxc3 Bf5 11. O-O Nd7 12. Ne5 f6 13. Nxd7 Qxd7 14. Rxf4
Rae8 15. Bd3 g5 16. Rf1 Bg4 17. Qc2 Nxd2 18. Qxd2 Kg7 19. h3 Bh5 20. Rae1 Rxe1
21. Rxe1 {Henriques,S-Mendes,A/Bobadela 2001/CBM 81 ext/1-0 (47)}) 7. Qe2+ $146
(7. Nc3 Bg4 8. Be2 Nbd7 9. O-O O-O 10. Nb5 Ne4 11. Nxd6 Nxd6 12. Bxf4 Nf6 13.
Ne5 Bxe2 14. Qxe2 Re8 15. Qd3 a5 16. Bg5 Nde4 17. Bxf6 Nxf6 18. Rf3 Qd6 19.
Raf1 Re7 20. Qf5 Rf8 21. Rh3 h6 {
Roesner,T-Kostrhoun,P/Znojmo 1997/EXT 98/1-0 (40)}) 7... Qe7 8. Qxe7+ Kxe7 9.
Bd3 Ba6 10. Nc3 Re8 11. O-O Nbd7 12. a3 c5 $2 (12... Kf8 $142 $16) 13. dxc6 $18
Nb8 14. b4 Nxc6 15. b5 Nxd4 16. bxa6 (16. Nxd4 $142 {
erleichterte Weiss die Gewinnfuehrung} 16... Bc5 17. Nce2 $18 (17. bxa6 {
waere ein Fehlgriff} 17... Bxd4+ 18. Kh1 Bxc3 $17)) 16... Nb3 17. Rb1 Bc5+ 18.
Kh1 Nxc1 19. Rbxc1 Be3 20. Rcd1 Ng4 21. Nd5+ Kf8 22. Nc7 Rad8 23. Nxe8 (23.
Bxh7 $2 {uebersieht} 23... Nf2+ 24. Kg1 Nxd1+ 25. Kh1 Nf2+ 26. Kg1 g6 27. Nxe8
Ne4+ (27... Kxe8 $6 28. g3 $19) (27... Rxe8 $6 28. Rxf2 Kg7 29. Kf1 $19) 28.
Kh1 Rxe8 $19 (28... Kxe8 $6 29. g3 $19)) 23... Rxe8 24. Ng5 Nf2+ 25. Rxf2 Bxf2
26. Nxh7+ (26. Bxh7 $6 g6 $18) 26... Kg8 27. Ng5 (27. Ng5 Bc5 28. Ne4 $18) 1-0

[Event "58. BEM 2004"]
[Site "Dortmund"]
[Date "2004.03.19"]
[Round "9.8"]
[White "Raszelenberg, Patrick"]
[Black "Büchle, Manfred"]
[Result "1/2-1/2"]
[WhiteElo "1747"]
[BlackElo "1959"]
[Annotator "Fritz 7 (15s)"]
[PlyCount "116"]
[EventDate "2004.??.??"]
[Source "SG Dortmund"]
[SourceDate "2004.12.16"]

{B86: Sicilian Scheveningen/Najdorf: 6 Bc4, without early ...b5
} 1. e4 c5 2.
Nf3 d6 3. d4 cxd4 4. Nxd4 Nf6 5. Nc3 a6 6. Bc4 e6 7. Be3 Be7 8. f3 Nc6 (8...
O-O 9. Qd2 Nbd7 10. g4 Ne5 11. Bb3 Nfd7 12. O-O-O Nb6 13. Qe2 Qc7 14. Bf4 Bd7
15. h4 Rac8 16. Qh2 Nbc4 17. Nce2 b5 18. h5 h6 19. Rdg1 Qc5 20. g5 hxg5 21. Bd2
Nxd2 22. Kxd2 Bf6 23. f4 Nc4+ 24. Bxc4 Qxc4 25. fxg5 Bxd4 26. Nxd4 Qxd4+ 27.
Kc1 Qxe4 28. Rg2 e5 29. Kb1 Bf5 {
0-1 Arndt,O-Zagrebelny,S/Recklinghausen 1999/EXT 2000 (29)}) 9. Qd2 Qc7 10. Bb3
Bd7 (10... O-O 11. O-O Bd7 12. Rad1 b5 13. Qf2 Kh8 14. Kh1 Rac8 15. Rfe1 Ne5
16. h3 Nc4 17. Bxc4 Qxc4 18. Nb3 Qc7 19. a3 Be8 20. Rd2 Nd7 21. Red1 Ne5 22.
Bb6 Qb8 23. Na5 Nc4 24. Nxc4 bxc4 25. Ba5 {
Felser,F-Kleinwaechter,M/Rheda-Wiedenbrueck 2001/EXT 2002/0-1 (39)}) 11. O-O-O
$146 (11. g4 h6 12. O-O-O O-O-O 13. Qf2 Ne5 14. Kb1 Kb8 15. Nde2 Rc8 16. Bb6
Qc6 17. Ba4 Qc4 18. Rd4 Bxa4 19. Rxc4 Rxc4 20. b3 Rxc3 21. Nxc3 Bd7 22. Be3 Rc8
23. Kb2 Nc6 24. Rd1 b5 25. Bf4 Kc7 {
Wegerle,J-Moradiabadi,E/Cannes 1997/EXT 2000/1-0 (41)}) 11... Na5 12. Bg5 (12.
g4 b5 $11) 12... Nxb3+ (12... h6 $5 13. Bh4 b5 $15) 13. Nxb3 $11 Rc8 14. Kb1 b5
15. e5 dxe5 16. Bxf6 gxf6 17. Qh6 {Schwarz kann nicht kurz rochieren} 17... a5
18. Qg7 Rf8 19. Ne4 f5 20. Nf6+ Bxf6 21. Qxf6 a4 (21... Qxc2+ $142 22. Ka1 a4
$17) 22. Nc1 $2 (22. Na1 $142 $5 $15 {damit waere Weiss im Spiel geblieben})
22... Qxc2+ $19 23. Ka1 a3 24. Qxe5 axb2+ (24... Rg8 $142 $5 25. g3 Bc6 $19)
25. Qxb2 $17 Qxb2+ 26. Kxb2 Rg8 27. Rd2 Bc6 28. Nd3 Ke7 29. Nb4 {
Der Springer ist gut postiert} 29... Bb7 30. Re1 Rgd8 31. Rc2 Rxc2+ 32. Kxc2 f6
33. Re3 Rd4 34. Rc3 Kd6 ({Schwaecher scheint} 34... Rxb4 35. Rc7+ Kd6 36. Rxb7
$17) 35. Rd3 Kc5 36. a3 e5 {Schwarz bereitet e4 vor} 37. Rc3+ Rc4 38. Kb3 e4
39. f4 Rxc3+ 40. Kxc3 e3 41. Nd3+ $2 (41. Kd3 $142 $15 {und Weiss spielt mit})
41... Kd5 $19 42. Nb4+ Ke4 43. Nd3 Bd5 44. Nb4 e2 45. Kd2 Bc4 46. g3 (46. Nc6
Kxf4 47. Nd4 Ke5 48. Nf3+ Kd5 $19) 46... Kf3 47. Nc2 $2 (47. Ke1 Kg2 48. Nc2
Kxh2 $19) 47... Kg2 (47... Kf2 $142 {laesst dem Gegner kaum Chancen} 48. Ne1
Bd5 $19) 48. Ne3+ $4 {der letzte Fehler} (48. Ke1 Kxh2 49. Kf2 $19) 48... Kf2
49. Nc2 h5 50. Ne1 Kg1 (50... Bd5 $5 {ist genauer} 51. Nc2 $19) 51. Nf3+ Kg2
52. Nd4 (52. Ke3 {ist vielleicht ein Schwindelversuch} 52... Kf1 53. Nd2+ Ke1
54. Nb1 $19) 52... Kxh2 53. Nxf5 Kg2 (53... Bd3 $142 $1 {sichert den Gewinn}
54. g4 hxg4 55. Nd4 $19) 54. Ke1 Kf3 55. Ng7 h4 (55... Kg4 $142 $5 $19 {
ist genauer}) 56. gxh4 Kxf4 57. Nh5+ Kf5 58. Ng3+ $2 (58. Kd2 $142 $19) 58...
Kg4 1/2-1/2